000 00824nam a22002417a 4500
001 5632
003 FISKH
005 20250108100908.0
008 250108b cb ||||| |||| 00| 0 eng d
020 _a9781407106106
040 _aFISKH
_beng
_cFISKH
_dFISKH
082 _a534
100 _aArnold, Nick
245 _aSounds Dreadful /
_cby Nick Arnold : illustrated by Tony De Saulles
260 _aNew York :
_bScholastic ;
_c1998.
300 _a175 pages :
_billustrations ;
_c21 cm .
490 _aHorrible Science
520 _aHow does a single sound shatter glass? Which sound waves make your guts wobble? Why are farts so noisy? Get all the answers and more inside this horrible book.
650 _aphysics
_vnon-fiction
700 _aSaulles, Tony De
_eillustrator
942 _2ddc
_cBK
_n0
999 _c5632
_d5632